| 000 | 00494nam a2200181 a 4500 | ||
|---|---|---|---|
| 001 | 1769511816502 | ||
| 003 | YourLibrary | ||
| 005 | 20260127164608.0 | ||
| 008 | 260127s2010##################000#0#eng## | ||
| 020 | _a9781435454323 | ||
| 082 | 0 | 4 |
_a331 _bSIL |
| 100 | 1 |
_aSilvis, Carol A., _eauthor. |
|
| 245 | 1 | 0 | _a101 Ways to Make Yourself Indispensable at Work : |
| 260 |
_bMuska/Lipman, _c2010. |
||
| 650 | 0 | _aElectronic books. | |
| 942 | _cENGLISH | ||
| 040 |
_aYourLibrary _beng _cYourLibrary |
||
| 999 |
_c609200 _d609200 |
||